| 000 | 00649nam a2200253Ia 4500 | ||
|---|---|---|---|
| 003 | OSt | ||
| 005 | 20231011105007.0 | ||
| 008 | 210324s9999||||xx |||||||||||||| ||und|| | ||
| 040 | _cSTCPL | ||
| 041 | _aENG | ||
| 082 |
_a599.9 _bBER-H |
||
| 100 | _aHoussay, Bernardo A...[et al] | ||
| 245 | 0 |
_aHuman physiology / _cby Bernardo A. Houssay...[et al] |
|
| 250 | _a2nd ed. | ||
| 260 |
_aNew York : _bMcGraw Hill Book Company Inc , _c1955 . |
||
| 300 |
_a1177 p. _bHB |
||
| 650 | _aZoolgy | ||
| 650 | _aInternal environment and blood | ||
| 650 | _aCirculation | ||
| 650 | _aRespiration | ||
| 650 | _aDigestion | ||
| 942 | _cBK | ||
| 942 | _2ddc | ||
| 999 |
_c17885 _d17885 |
||